UITU Library & LRC     

Build your own cybersecurity testing lab (Record no. 31613)

MARC details
000 -LEADER
fixed length control field 00395nam a2200157Ia 4500
008 - FIXED-LENGTH DATA ELEMENTS--GENERAL INFORMATION
fixed length control field 250916s9999 xx 000 0 und d
020 ## - INTERNATIONAL STANDARD BOOK NUMBER
International Standard Book Number 978-1-260-45831-2
082 ## - DEWEY DECIMAL CLASSIFICATION NUMBER
Classification number 005.8 MES
100 ## - MAIN ENTRY--PERSONAL NAME
Personal name Messier, Ric
245 #0 - TITLE STATEMENT
Title Build your own cybersecurity testing lab
250 ## - EDITION STATEMENT
Edition statement 1st
260 ## - PUBLICATION, DISTRIBUTION, ETC.
Place of publication, distribution, etc. New York:
Name of publisher, distributor, etc. McGraw-Hill,
Date of publication, distribution, etc. 2020
300 ## - PHYSICAL DESCRIPTION
Extent 308 p.
600 ## - SUBJECT ADDED ENTRY--PERSONAL NAME
Personal name Computer Science
942 ## - ADDED ENTRY ELEMENTS (KOHA)
Koha item type Books
Holdings
Withdrawn status Lost status Damaged status Not for loan Collection Home library Current library Date acquired Source of acquisition Cost, normal purchase price Total checkouts Full call number Barcode Date last seen Cost, replacement price Price effective from Koha item type
        Computer Science UITU Library UITU Library 07/31/2025 Progressive International Agencies (Pvt) Limited 12632.00   005.8 MES Q15988 09/16/2025 15790.00 09/16/2025 Books

Powered by Koha